Educación polimodal; contenidos basicos comunes y orientados. resolucion 2536/98 /

Guardado en:
Formato: Libro
Publicado: Buenos Aires : Ministerio de Cultura y Educaci¢n, 1998
Etiquetas: Agregar Etiqueta
Sin Etiquetas, Sea el primero en etiquetar este registro!
LEADER 00440nam a22001335a 4500
001 CEM.cems009853
005 20060214000000.0
008 130507s1998##################000#0#####d
003 CEMS
082 0 4 |a F370 
245 0 0 |a Educación polimodal; contenidos basicos comunes y orientados. resolucion 2536/98 / 
260 |a Buenos Aires :  |b Ministerio de Cultura y Educaci¢n,  |c 1998 
300 |a 6 p.1 
859 |a CEMS  |b BIB. CEMS - 11 de abril  |h F370  |i 86  |p 1607.44  |t Ej.1